| 000 | 00444nam a22001577a 4500 | ||
|---|---|---|---|
| 999 |
_c60485 _d60485 |
||
| 005 | 20230804140145.0 | ||
| 008 | 230804s1948 enk||||| |||| 00| 0 eng d | ||
| 041 | _aeng | ||
| 080 | _a902 L-22 | ||
| 100 |
_aLane, Arthur _919600 |
||
| 245 |
_aGreek Pottery / _cArthur Lane. |
||
| 264 |
_aLondon : _bFaber & Faber, _c1948. |
||
| 300 |
_a62 p. : _bill.; _c26 cm. |
||
| 653 | _aბაერძნული კერამიკა | ||
| 942 |
_2udc _cBK |
||